[Event "Napoli Vomero Spring 7th"]
[Site "Napoli"]
[Date "2010.03.25"]
[Round "2"]
[White "Romanelli, Andrea"]
[Black "Iannotta, Francesco"]
[Result "0-1"]
[WhiteElo "1500"]
[BlackElo "1694"]
[PlyCount "74"]
[EventDate "2010.03.18"]
[EventType "swiss"]
[EventRounds "6"]
[EventCountry "ITA"]
[SourceTitle "EXT 2024"]
[Source "ChessBase"]
[SourceDate "2023.10.10"]
[SourceVersion "1"]
[SourceVersionDate "2023.10.10"]
[SourceQuality "1"]

1. d4 Nf6 2. c4 g6 3. Nc3 Bg7 4. e4 d6 5. f3 0-0 6. Nge2 Nbd7 7. g4 b6 8. h4 c5 9. h5 a6 10. Be3 b5 11. cxb5 axb5 12. Nxb5 Qa5+ 13. Nbc3 Ba6 14. Qd2 cxd4 15. Nxd4 Bxf1 16. Kxf1 Ne5 17. hxg6 fxg6 18. Kg2 Nc4 19. Qe2 Nxe3+ 20. Qxe3 Qb6 21. Qd2 Nxe4 22. Nxe4 Bxd4 23. Nc3 Rf7 24. Rac1 Raf8 25. Nd5 Qxb2 26. Rc2 Qa3 27. Qxd4 Qxf3+ 28. Kh2 h5 29. Qd1 Qe4 30. Rg1 hxg4 31. Rgg2 Rf1 32. Qxg4 Qe5+ 33. Kh3 Rh1+ 34. Rh2 Rg1 35. Qxg1 Qh5+ 36. Kg3 Qg5+ 37. Kh3 Rf3+ 0-1